All Ukrainian Premier League Players Ever - Statistics

General Stats
  • This quiz has been taken 19 times
  • The average score is 7 of 11
Answer Stats
Position Clubs Years Answer % Correct
MID/ATT Chelsea 2022-present Mykhailo Mudryk
94%
DEF/MID Man City, Arsenal, Forest 2017-26 Oleksandr Zinchenko
94%
DEF Everton 2021-present Vitalii Mykolenko
83%
ATT Chelsea 2006-08, 2009-10 Andriy Shevchenko
78%
MID/ATT West Ham 2018-22 Andriy Yarmolenko
78%
DEF Bournemouth 2022-25 Illya Zabarnyi
72%
ATT Liverpool 2007-08, 2009-10 Andriy Voronin
56%
MID Brentford 2023-present Yehor Yarmolyuk
44%
ATT Spurs 2000-02 Serhiy Rebrov
39%
DEF Arsenal, Wolves 1999-2004 Oleh Luzhnyi
33%
DEF Coventry 1996-97 Alex Evtushok
6%
No matching quizzes found
Score Distribution
Percent of People with Each Score
Percentile by Number Answered
Your Score History
You have not taken this quiz